Racine / (Registro nro. 157158)
[ vista simple ]
| 000 -LEADER | |
|---|---|
| campo de control de longitud fija | 00796nam a22002295i 4500 |
| 001 - NÚMERO DE CONTROL | |
| campo de control | 157158 |
| 003 - IDENTIFICADOR DE NÚMERO DE CONTROL | |
| campo de control | ES-MaACL |
| 005 - FECHA Y HORA DE LA ÚLTIMA TRANSACCIÓN | |
| campo de control | 20251013212910.0 |
| 008 - DATOS DE LONGITUD FIJA--INFORMACIÓN GENERAL | |
| campo de control de longitud fija | 040809s1898 fr a |||| | fre d |
| 040 ## - FUENTE DE CATALOGACIÓN | |
| Centro catalogador/agencia de origen | CAM |
| Lengua de catalogación | spa |
| Centro/agencia transcriptor | CAM |
| 080 ## - NÚMERO DE LA CLASIFICACIÓN DECIMAL UNIVERSAL | |
| Número de la Clasificación Decimal Universal | 929 Racine, Jean |
| 080 ## - NÚMERO DE LA CLASIFICACIÓN DECIMAL UNIVERSAL | |
| Número de la Clasificación Decimal Universal | 821.133.1 Racine, Jean 1.06 |
| 100 1# - ENTRADA PRINCIPAL--NOMBRE DE PERSONA | |
| Nombre de persona | Larroumet, Gustave. |
| 9 (RLIN) | 128710 |
| 245 10 - MENCIÓN DEL TÍTULO | |
| Título | Racine / |
| Mención de responsabilidad, etc. | par Gustave Larroumet. |
| 260 ## - PUBLICACIÓN, DISTRIBUCIÓN, ETC. | |
| Lugar de publicación, distribución, etc. | Paris : |
| Nombre del editor, distribuidor, etc. | Librairie Hachette et Cie., |
| Fecha de publicación, distribución, etc. | 1898 ( |
| Lugar de fabricación/manufactura | Coulommiers : |
| Fabricante | Imp. Paul Brodard) |
| 300 ## - DESCRIPCIÓN FÍSICA | |
| Extensión | 206 p., [1] h. de lám. ; |
| Dimensiones | 19 cm. |
| 490 1# - MENCIÓN DE SERIE | |
| Mención de serie | Les grands écrivains françaises |
| 600 14 - PUNTO DE ACCESO ADICIONAL DE MATERIA--NOMBRE DE PERSONA | |
| Nombre de persona | Racine, Jean, |
| Fechas asociadas al nombre | 1639-1699 |
| 9 (RLIN) | 94887 |
| 830 0# - PUNTO DE ACCESO ADICIONAL DE SERIE-TÍTULO UNIFORME | |
| Título uniforme | Les grands écrivains françaises |
| 9 (RLIN) | 188084 |
| 852 ## - LOCALIZACIÓN | |
| Ubicación | ES-MaACL |
| Número de control de estantería | B-3173(1) |
| Nota libre | -- Enc. pasta española, con otra obra |
| Estatus retirado | Estado de pérdida | Estado de daño | No para préstamo | Colección | Biblioteca de origen | Biblioteca actual | Ubicación en estantería | Fecha de adquisición | Fuente de adquisición | Total de préstamos | Signatura topográfica completa | Código de barras | Visto por última vez | Precio de reemplazo | Tipo de ítem Koha |
|---|---|---|---|---|---|---|---|---|---|---|---|---|---|---|---|
| Libros del s. XIX | Biblioteca del Ateneo de Madrid | Biblioteca del Ateneo de Madrid | Sala Pardo Bazán | 17/01/2008 | B-3173(1) | 1164434 | 23/02/2023 | 23/02/2023 | Libro impreso antiguo |
